L'École de Bonneterie de Canet de Mar (Barcelone)
Publicado:
Le Moniteur de la maille, núm. 625 (oct. 1933), pàg. 42 :
Descripción Física:
32 cm
Otros Autores:
Escola de Teixits de Punt de Canet de Mar
MARC
| LEADER | 00000nam a2200000Ia 4500 | ||
|---|---|---|---|
| 001 | 22627 | ||
| 008 | 160829s9999 xx 000 0 cat d | ||
| 080 | |a RF-13-70 | ||
| 245 | |a L'École de Bonneterie de Canet de Mar (Barcelone) | ||
| 260 | |a Le Moniteur de la maille, núm. 625 (oct. 1933), pàg. 42 | ||
| 300 | |a 32 cm | ||
| 590 | |a Prové de 4275 | ||
| 610 | 2 | 0 | |a Escola de Teixits de Punt de Canet de Mar |9 53500 |
| 700 | |a Escola de Teixits de Punt de Canet de Mar | ||
| 856 | 4 | |u https://media.diba.cat/diba/fitxers/arxiu/fulletons/bib_22627_1933_baixa.pdf |y Accés lliure | |
| 856 | 4 | |u https://media.diba.cat/diba/fitxers/arxiu/fulletons/bib_22627_1933_baixa.pdf |y Accés lliure | |
| 901 | |a Arxiu | ||
| 942 | |n 1 |2 udc | ||
| 952 | |0 0 |1 0 |4 0 |6 RF1370 |7 1 |9 53985 |a Arxiu |b Arxiu |d 2016-12-01 |l 0 |o RF-13-70 |p 22627 |r 2016-12-01 00:00:00 |w 2016-12-01 |y ARXIU | ||
| 999 | |c 57852 |d 57852 | ||
| 900 | |a bib_22627_1933_baixa.pdf | ||